Statistics for Do You Know One Direction?

Click here to take the quiz!

General Stats

  • This quiz has been taken 5,659 times
  • The average score is 9 of 15

Answer Stats

Hint Answer % Correct
Who has four nipples?Harry
97%
Who only has one functioning kidney?Liam
95%
Who wears stripes because he secretly wants to be a zebra?Louis
94%
What is the middle name of the two members above?James
87%
Which two members have the same middle name?Niall and Liam
82%
Who has four sisters?Louis
76%
Who says "Vas Happenin'?"Zayn
75%
Who's left handed?Niall
71%
Where is Niall from?Mullingar
70%
Who can speak FrenchHarry
64%
Who's mom do the boys fancy?Harry's
42%
Where did they spend a lot of time at after they became a band?Holmes Chapel
16%
What is Liam's signature dance?1, 2, 3, FLICK
14%
What chat-up line is "simple but effective?"Marry me
9%
What was the date and time they became a band?July 23rd, 2010 at 8:22pm
3%

Score Distribution

Percentile by Number Answered

Percent of People with Each Score

Your Score History

You have not taken this quiz